000 00582nam a2200205Ia 4500
005 20250923150108.0
008 008 250917s9999 xx 000 0 eng d
037 _aTextual
040 _aDSWL
_beng
_cDSWL
041 _aeng
_2eng
084 _aX:991, PO1
_qDSWL
100 _aDawra, Sudhir
_9842173
245 0 _aHuman resource development and personnel management
_c by Sudhir Dawra
260 _aNew Delhi
_b Radha Publication
_c2001
300 _a416p.
365 _aINR
_b850
925 _g850
942 _cTEXL
_hX:991, PO1
999 _c1459506
_d1459506